| 000 | 00461nam a22001817a 4500 | ||
|---|---|---|---|
| 003 | NUST - PNEC | ||
| 005 | 20170116180911.0 | ||
| 008 | 150903b xxu||||| |||| 00| 0 eng d | ||
| 020 | _a0070214638 | ||
| 040 | _cLIBRARY | ||
| 082 | _a620.11223 FON | ||
| 100 |
_96978 _a Fontana, Mars G |
||
| 245 |
_aCorrosion engineering _cMars G,Fontana |
||
| 250 | _a3th ed. | ||
| 260 | _cc. 1987 | ||
| 650 |
_96979 _aCorrosion and anti-corrosives _xEE |
||
| 942 |
_2ddc _cBK |
||
| 999 |
_c65248 _d65248 |
||